|
|
|
|
| LEADER |
00000nam a2200000 a 4500 |
| 001 |
vtls001084396 |
| 003 |
SK-MaSNL |
| 005 |
20260302023915.0 |
| 008 |
250414s1987 xo 0 slo |
| 015 |
|
|
|a SNBA1987/06
|
| 035 |
|
|
|a SNK000027234
|
| 040 |
|
|
|a SNK
|b slo
|c SNK
|e AACR2
|
| 041 |
0 |
|
|a slo
|
| 044 |
|
|
|a xo
|c SK
|
| 080 |
|
|
|a 808.54(075.3)
|2 1981
|
| 100 |
1 |
|
|a Ballay, Jozef
|4 aut
|9 5820
|
| 245 |
1 |
0 |
|a Slovenský jazyk pre dvojročné a trojročné učebné odbory SOU
|c Jozef Ballay, Ľubica Geisbacherová-Dostálová ; Pavlína Šmahelová, Otokar Bachorík
|
| 250 |
|
|
|a 3. vyd.
|
| 260 |
|
|
|a Bratislava
|b Slovenské pedagogické nakladateľstvo
|c 1987
|e Bratislava
|f Pravda
|
| 300 |
|
|
|a 224 s., 13,27 AH
|b Tb. Sch. Fot. Mp.
|c 21 cm
|
| 366 |
|
|
|e 30000 výtl.
|
| 500 |
|
|
|a Rozlož. tit. list. Schválilo MŠ SSR.
|
| 700 |
1 |
|
|a Geisbacherová-Dostálová, Ľubica
|4 aut
|9 627430
|
| 700 |
1 |
|
|a Šmahelová, Pavlína
|4 bkd
|9 671258
|
| 700 |
1 |
|
|a Bachorík, Otokar,
|d 1933-2018
|4 bkd
|9 56765
|
| 852 |
|
|
|a Slovenská národná knižnica
|
| 958 |
|
|
|a OND
|
| 958 |
|
|
|a UC
|
| 958 |
|
|
|a TL
|
| 999 |
|
|
|c 1038412
|d 1040342
|
| 952 |
|
|
|a SNK
|b SNK
|y PREZ
|7 0
|p 17A0919019
|o snkSC 68194
|0 0
|1 0
|4 0
|d 2012-08-22
|l 0
|r 2025-07-14 00:00:00
|w 2026-02-24
|
| 952 |
|
|
|t P60, <04>, [BOOK], {604}
|a SNK
|b SNK
|y VYP
|7 0
|p 17A0057723
|o snkSC 68194 D1
|0 0
|1 0
|4 0
|d 1997-04-03
|l 0
|r 2004-12-31 00:00:00
|w 2026-02-24
|